书目信息 |
| 题名: |
苯丙素
|
|
| 作者: | 赵毅民 主编 | |
| 分册: | ||
| 出版信息: | 北京 化学工业出版社 2005 |
|
| 页数: | 359页 | |
| 开本: | 26cm | |
| 丛书名: | 实用天然产物手册 | |
| 单 册: | ||
| 中图分类: | O625.22-62 | |
| 科图分类: | ||
| 主题词: | 苯--有机卤素化合物--手册 , 苯 , 有机卤素化合物 | |
| 电子资源: | ||
| ISBN: | 7-5025-6417-9 | |
| 000 | 00901oam2 2200289 450 | |
| 001 | 002900210 | |
| 005 | 20080319094215.96 | |
| 010 | @a7-5025-6417-9@dCNY58.00 | |
| 035 | @a002900210 | |
| 100 | @a20050221d2005 em y0chiy0110 ea | |
| 101 | 0 | @achi |
| 102 | @aCN@b110000 | |
| 105 | @ay z 001yy | |
| 106 | @ar | |
| 200 | 1 | @a苯丙素@Aben bing su@f赵毅民主编 |
| 210 | @a北京@c化学工业出版社@d2005 | |
| 215 | @a359页@d26cm | |
| 225 | 2 | @a实用天然产物手册 |
| 330 | @a本书共收载了1061种化合物,按简单苯丙素、木脂素、香豆素三大类编排,每个化合物下列中文名、英文名、结构式、分子式及相对分子质量、理化常数及光谱数据等。 | |
| 461 | 0 | @1001002797501@12001 @a实用天然产物手册 |
| 606 | 0 | @a苯@x有机卤素化合物@j手册 |
| 606 | 0 | @a苯 |
| 606 | 0 | @a有机卤素化合物 |
| 690 | @aO625.22-62@v4 | |
| 701 | 0 | @a赵毅民@Azhao yi min@c(化学)@4主编 |
| 801 | 0 | @aCN@bNLC@c20080319 |
| 905 | @dO625.22-62@e5@f4 | |
| 苯丙素/赵毅民主编.-北京:化学工业出版社,2005 |
| 359页;26cm.-(实用天然产物手册) |
| ISBN 7-5025-6417-9:CNY58.00 |
| 本书共收载了1061种化合物,按简单苯丙素、木脂素、香豆素三大类编排,每个化合物下列中文名、英文名、结构式、分子式及相对分子质量、理化常数及光谱数据等。 |
| ● |
| 相关链接 |
|
|
|
|
正题名:苯丙素
索取号:O625.22-62/5
 
预约/预借
| 序号 | 登录号 | 条形码 | 馆藏地/架位号 | 状态 | 备注 |
| 1 | 0614715 | 206147150 | 第二样本阅览室/ [索取号:O625.22-62/5] | 在馆 | |
| 2 | 0614716 | 206147169 | 第三借阅区/ [索取号:O625.22-62/5] | 在馆 | |
| 3 | 0614717 | 206147178 | 第三借阅区/ [索取号:O625.22-62/5] | 在馆 | |
| 4 | 0614718 | 206147187 | 第三借阅区/ [索取号:O625.22-62/5] | 在馆 |